000 00538nam a2200193 a 4500
001 18655
003 CO-ViMGA
008 141112s2004 ck r 000 u spa d
020 _a8495359626
040 _aCO-ViMGA
_bspa
_cCO-ViMGA
082 0 4 _a197 V375o
100 1 _aVernet, Julio
_926564
245 1 0 _aLos orígenes del Islam
260 _aBarcelona (España),
_cEl Acantilado,
_c2001
300 _a261.p.
590 _aForma de adquisición : Premio - Mincultura
650 1 4 _aISLAMISMOISLAMISMO - HISTORIA
_926565
942 _2ddc
_cBK
999 _c27905
_d27905